1935 1749 1525 1952 1262 1514 1200 1993 1842 1655 1589 1131 1269 1023 1168 1671 1304 1977 1389 1271 1340 1961 1777 1367 1150 1898 1436 1108 1823 1128 1380 1094 1218 1513 1999 1259 1569 1879 1173 1966 1267 1063 1893 1409 1303 1706 1336 1367 1871 1162 1664 1207 1642 1580 1332 1138 1408 1303 1373 1015 1249 1359 1521 1139 1606 1260 1724 1503 1555 1180 1628 1486 1520 1337 1501 1570 1074 1335 1656 1988 1777 1533 1716 1866 1119 1157 1364 1784 1433 1779 1474 1685 1278 1144 1495 1197 1380 1772 1766 BCNSPRNW ULIB Ver.6.0+V

เปลี่ยนเป็นภาษาไทย

Change to English
 แสดงรายละเอียดบรรณานุกรม
  กลับหน้าหลัก

Brief Record : Get Marc (ISO 2709) : E-mail record : QR code < ปิดหน้าต่าง
LEADER : 00000nam 2200000uu 4500
001    13399111503
003     ULIB
008    110629s2547||||th 000 0 tha d
020    9749584783
060  4 QV^bค111ย
100 0  คณะเภสัชศาสตร์ มหาวิทยาลัยรังสิต ร่วมกับ สำนักงานคณะกรรมการอาหารและยา
245 00 ยาและโรคในระบบทางเดินอาหาร /^c เขียนโดยคณะเภสัชศาสตร์ มหาวิทยาลัยรังสิต ร่วมกับ สำนักงานคณะกรรมการอาหารและยา
260    ปทุมธานี :^bนิวไทยมิตรการพิมพ์,^c2547
300    254 หน้า
650  0 ยา
650  0 โรคในระบบทางเดินอาหาร
945    ^p250^l0^i12963
945    ^p250^l0^i12964
945    ^p250^l0^i12763
945    ^p250^l0^i12764
995    กัณชพร
999 ^a ใช้งานได้ทุกระบบ
รายการนี้ยังไม่มีแท็ก
คุณยังไม่ได้ล็อกอิน คุณสามารถมีกิจกรรมร่วมกับเว็บไซต์ได้ แต่ต้องล็อกอินก่อน ::
  ล็อกอิน

รายการสื่อสารสนเทศ

ลำดับที่ ประเภท เลขเรียก/บาร์โค้ด สถานที่ สถานะ
1. วิทยาศาสตร์การแพทย์ และสุขภาพ
วิทยาศาสตร์การแพทย์ และสุขภาพ
QV ค111ย ฉ.4 
  Barcode: 12764
ห้องสมุดวิทยาเขตสวรรค์ประชารักษ์
►หนังสือทั่วไป
บนชั้น

รายการใกล้เคียง
    หัวเรื่อง [ยา]

BibComment


ยังไม่เคยถูกคอมเมนท์

คอมเมนท์ทรัพยากรรายการนี้
  คอมเมนท์: ยาและโรคในระบบทาง..


 Copyright 2026. Bcnsprnw @Library